Statistiques concernant Disney paroles - Je te cherche (La Reine des Neiges 2)

Cliquez ici pour prendre le quiz!

Statistiques générales

  • Ce quiz a été pris 466 fois
  • Le résultat moyen est 191 sur 232

Statistiques - réponses

Réponse% Correct
Je
99%
je
99%
te
99%
cherche,
97%
cherche.
97%
de
95%
Me
95%
me
95%
à
94%
la
94%
là,
94%
La
94%
Tu
93%
tu
93%
le
91%
pas
90%
Toi
90%
toi.
90%
toi
90%
es
89%
Et
89%
et
89%
Mais
89%
mais
89%
mon
89%
n'ai
89%
mes
88%
par
88%
peur.
88%
Pour
88%
un
88%
dans
87%
les
87%
Les
87%
sais
86%
J'ai
85%
j'ai
85%
que
85%
qui
85%
sens
85%
ta
85%
toujours.
85%
Tout
85%
voilà,
85%
coeur.
84%
comme
84%
ami
83%
enfin
83%
forte.
83%
moi
83%
moi,
83%
moi.
83%
plus
83%
trembler
83%
trembler.
83%
vie.
83%
fait
82%
mains
82%
poème,
81%
pourquoi.
81%
pourquoi
81%
suis
81%
appris
80%
forteresse
80%
longtemps.
80%
milliers.
80%
une
80%
besoin
79%
cacher ?
79%
déjà
79%
depuis
79%
familier
79%
jours
79%
nuits
79%
partout.
79%
secrets
79%
semble
79%
chant,
78%
hante
78%
j'irai
78%
Oh
78%
réponse
78%
rêve
78%
montre
77%
détours.
76%
j'espérais.
76%
tes
76%
fini
74%
fous,
74%
j'attendais,
74%
ne
74%
protèges
74%
veux
74%
faire
73%
même
73%
grand
72%
prête
72%
saut.
72%
savoir.
72%
viens
72%
Viens
72%
voir.
72%
aujourd'hui,
71%
change
71%
chez
71%
étrangère
71%
rêves
71%
serai
71%
solitude
71%
vais
71%
bras.
70%
Ouvre
70%
ouvre
70%
porte,
70%
porte.
70%
sur
70%
autre
69%
jusqu'à
69%
planète,
69%
cette
68%
J'étais
68%
Quand
68%
tends
68%
Tends
68%
vent
68%
bientot.
67%
danser,
67%
vient
67%
enfant
66%
pleine
66%
certitude.
65%
frais
65%
comprendrais
64%
attendais,
63%
Rien
63%
Dors
62%
est
62%
maman
62%
si
61%
toute
60%
C'est
59%
meurt.
59%
sans
59%
éveillée.
57%
Aah aah.
54%
ailes.
54%
l'oiseau
53%
belle.
52%
promesse
52%
espérais.
39%
n'aies
39%

Distribution des résultats

Percentile par nombre de réponses

% des personnes avec chaque résultat

Votre développement - résultats

Vous n’avez pas pris ce quiz